Normal view
MARC view
- /الراميني،فواز فتح الله مراجع لغوي/ أبو طه،موسى فايز مترجم/Orange,Carolyn مؤلف/
Entry Personal Name
001 - CONTROL NUMBER
- control field: 22782
003 - CONTROL NUMBER IDENTIFIER
- control field: JO-AjAnu
005 - DATE AND TIME OF LATEST TRANSACTION
- control field: 20230606073927.0
008 - FIXED-LENGTH DATA ELEMENTS
- fixed length control field: 230606|| aca||aabn | a|a d
040 ## - CATALOGING SOURCE
- Original cataloging agency: JO-AjAnu
- Transcribing agency: JO-AjAnu
100 ## - HEADING--PERSONAL NAME
- Personal name: /الراميني،فواز فتح الله مراجع لغوي/ أبو طه،موسى فايز مترجم/Orange,Carolyn مؤلف/
670 ## - SOURCE DATA FOUND
- Source citation: Work cat.: (JO-AjAnu)11708: /الراميني،فواز فتح الله مراجع لغوي/ أبو طه،موسى فايز مترجم/Orange,Carolyn مؤلف/, author, Smart Strategies For Avoiding Classrom Mistakes =44إستراتيجية ذكية لتجنب إرتكاب الأخطاء في الصف الدراسي